Представление документа в формате RUSMARC

ПолеНазваниеЗначение
  Тип записи a
  Библиографический уровень m
001 Контрольный номер RU/SLIB/B/208727629
005 Дата корректировки 20201206204013.5
010 Индекс ISBN __
a ISBN 5-89123-450-5.- 5-16-000329-0
d Цена 244-39; 303-00
101 Язык документа 0_
a Язык текста rus
c Язык оригинала rus
200 Заглавие и сведения об ответственности 1_
a Заглавие Правовые системы стран мира
e Сведения, относящиеся к заглавию энцикл. справ.
f Первые сведения об ответственности отв. ред. А. Я. Сухарев
b Общее обозначение материала Текст
210 Выходные данные __
a Место издания М.
c Издательство НОРМА-ИНФРА-М
d Дата издания 2000
215 Физическое описание __
a Объем 834 с.
330 Аннотация __
a Аннотация В издании содержатся сведения о правовых системах 104 государств мира. Для студентов вузов, преподавателей.
606 Тематические рубрики __
a Основная рубрика Гражданское право в целом
a Основная рубрика Право
a Основная рубрика Право социального обеспечения
a Основная рубрика Трудовое право
a Основная рубрика Уголовное право в целом
610 Ключевые слова __
a Ключевые слова правовые системы; страны; социальное обеспечение; торговое право
686 Индексы других классификаций __
a Классификационный индекс 67.08я2 ; ст67я2
702 Вторичная интеллектуальная ответственность _1
a Фамилия Сухарев
b Имя А. Я.
4 Код отношения Редактор
4 Код отношения 340
801 Источник записи _0
a Страна RU
b Организация Муниципальное бюджетное учреждение культуры "Централизованная библиотечная система" г. Сургут (Центральная городская библиотека им. А. С. Пушкина)
g Правила каталогизации КиК/Поспелова; КиК/Тесленко
801 Источник записи _1
a Страна RU
b Организация Муниципальное бюджетное учреждение культуры "Централизованная библиотечная система" г. Сургут (Центральная городская библиотека им. А. С. Пушкина)
g Правила каталогизации КиК/Поспелова; КиК/Тесленко
852 Данные о местонахождении __
j Шифр хранения 67.08я2
c Каталожный индекс 67я2
i Авторский знак П 68
901 Тип документа 1_
t Тип документа m
903 Характеристики (МАРС) __
a Дата передачи 20030207; 20020823
969 Тип издания __
a Тип издания справочник
990 Данные о заказе (DOS) __
j Количество экземпляров (DOS) 9; 4
t N записи в КСУ для И/У (DOS) 200302; 200209